Methodology for current account and exchange rate assessments
Gespeichert in:
| Format: | Buch |
|---|---|
| Sprache: | Englisch |
| Veröffentlicht: |
Washington, D.C.
IMF
2001
|
| Schriftenreihe: | Occasional paper
209 |
| Schlagworte: | |
| Tags: |
Keine Tags, Fügen Sie das erste Tag hinzu!
|
MARC
| LEADER | 00000nam$a2200000$$$4500 | ||
|---|---|---|---|
| 001 | 0006981 | ||
| 005 | 20240315115543.5 | ||
| 020 | |a 1-58906-081-4 | ||
| 041 | 0 | |a eng | |
| 044 | |a US | ||
| 245 | 1 | 0 | |a Methodology for current account and exchange rate assessments |
| 264 | 1 | |a Washington, D.C. |b IMF |c 2001 | |
| 300 | |a 39 s. | ||
| 490 | 1 | |a Occasional paper |v 209 | |
| 830 | 0 | |a Occasional paper |v 209 | |
| 610 | 2 | 0 | |a účty bežné |
| 610 | 2 | 0 | |a krajiny vyspelé |
| 610 | 2 | 0 | |a metodológia |
| 610 | 2 | 0 | |a hospodárstvo trhové |
| 610 | 2 | 0 | |a rezervy |
| 610 | 2 | 0 | |a porovnanie medzinárodné |
| 610 | 2 | 0 | |a Medzinárodný menový fond |
| 610 | 2 | 0 | |a kurz devízový |
| 610 | 2 | 0 | |a kurz menový |